Ålandské ostrovy a ich postavenie v Európskej únii

Zapojenie Ålandských ostrovov do Európskej únie (EÚ), a to v kontexte ich postavenia ako autonómneho územia Fínska. Popis a objasnenie špecifík definujúcich postavenie ostrovov. Analýza prístupového procesu, rovnako ako hlavné problémy zapojenia Ålandských ostrovov do EÚ a súčasná situácia ostrovov...

Descrizione completa

Salvato in:
Dettagli Bibliografici
Autore principale: Ďaďová, Lenka
Altri autori: Kanoik, Petr
Natura: Capitolo di libro
Lingua:slovacco
Soggetti:
Tags: Aggiungi Tag
Nessun Tag, puoi essere il primo ad aggiungerne!!

MARC

LEADER 00000naa a2200000 4500
001 0146484
005 20231204125223.1
041 0 |a slo 
044 |a CZ 
245 1 0 |a Ålandské ostrovy a ich postavenie v Európskej únii  |c Lenka Ďadová, Petr Kanoik 
520 |a Zapojenie Ålandských ostrovov do Európskej únie (EÚ), a to v kontexte ich postavenia ako autonómneho územia Fínska. Popis a objasnenie špecifík definujúcich postavenie ostrovov. Analýza prístupového procesu, rovnako ako hlavné problémy zapojenia Ålandských ostrovov do EÚ a súčasná situácia ostrovov v EÚ. 
610 2 0 |a Európska únia 
610 2 0 |a politika medzinárodná 
610 2 0 |a Fínsko 
610 2 0 |a spolupráca hospodárska medzinárodná 
100 1 |a Ďaďová, Lenka 
700 1 |a Kanoik, Petr